=LDR 00000nam 2200000 4500 =001 INLIS000000000012828 =005 20130612104319 =008 ***********************************Ind** =035 ##$$0010-061300000012828 =041 ##$$a Ind =082 ##$$a 639.34 =090 ##$$a 639.34, Les k =100 ##$$a Lesmana, Darti Satyani =245 ##$$a Kualitas air untuk ikan hias air tawar, Darti Satyani Lesmana =260 ##$$a 2002 $b Jakarta =300 ##$$a viii, 88 hlm., Ilus., 21 cm =650 ##$$a Ikan Hias =850 ##$$a NBPNMAT =990 ##$$a 21400427/BPAP-NTB/2014 =990 ##$$a 21400613/BPAP-NTB/20142014 =990 ##$$a 0001/BPAP-NTB/20142015 =990 ##$$a 0001/BPAP-NTB/20142015 =990 ##$$a 0001/BPAP-NTB/2015